Психологічні особливості формування саморегуляції майбутніх педагогів в умовах невизначеності (Запис № 580562)

МАРК-запис
000 -Лідер
fixed length control field 01138 a2200229 4500
003 - Ідентифікатор контрольного номера
control field UA-OsUOA
005 - Дата та час останнього входження (трансакції)
control field 20260424161021.0
008 - Елементи даних фіксованої довжини – загальна інформація
fixed length control field 260424b un ||||| |||| 00| 0 ukr d
040 ## - Джерело каталогізації
Мова каталогізації ukr
Агенція, яка здійснювала перезапис UA-OsUOA
041 ## - Код мови
Код мови тексту/ звукової доріжки чи окремого заголовка (П) ukr
080 ## - Індекс Універсальної десяткової класифікації
Індекс Універсальної десяткової класифікації (УДК) (НП) 159.923:378
090 ## - Локальний шифр розміщення
Класифікаційний індекс УДК 159.923:378
Авторський знак (НП) Т41
100 ## - Основне введення – ім’я особи
Ім’я особи (НП) Тимощук Є. А.
9 (RLIN) 25095
245 ## - Відомості про назву
Назва (НП) Психологічні особливості формування саморегуляції майбутніх педагогів в умовах невизначеності
Решта назви (НП) дисертація: подається на здобуття наукового ступеня доктора філософії
Дані про відповідальність (НП) Єлизавета Анатоліївна Тимощук ; наук. кер. Руслана Володимирівна Каламаж
260 ## - Публікація, розповсюдження і т.п. (Вихідні дані)
Місце публікації, розповсюдження і т.п. (П) Острог
Ім’я/ наймення видавництва, розповсюджувача і т.п. (П) б.в.
Дата публікації, розповсюдження і т.п. (П) 2025
300 ## - Фізичний опис
Обсяг 247 с.
650 ## - Додаткове предметне введення – тематичний термін
Тематичний термін чи географічна назва, як елемент введення (НП) 159.9 Психологія
9 (RLIN) 7
700 1# - Додаткове введення – ім'я особи
Ім’я особи (НП) Каламаж Р. В.
Термін відношення наук. кер.
9 (RLIN) 2193
942 ## - Додаткові елементи входу (Коха)
Тип елемента Koha Книги
Source of classification or shelving scheme Universal Decimal Classification
955 ## - Код типу видання за змістом
Код типу видання за змістом (НП) Наукові видання
Фонди
Стан вилучень Стан втрат Джерело класифікації або схеми стелажів Стан уражень Не для кредиту Постійне місце розташування Поточне розміщення Дата придбання Джерело придбання Вартість, звичайна ціна покупки Усього замовленно Повний номер виклику Штрих-код Дата останнього перегляду Вартість, ціна заміни Ціна ефективна від Тип елемента Koha
    Universal Decimal Classification     ЧЗ - Читальна зала ЧЗ - Читальна зала 24/04/2026 №23/23.04.2026 200.00   159.923:378 Т41 169874 24/04/2026 200.00 24/04/2026 Книги